[Event "New Zealand Junior Championship"]
[Site "Wellington"]
[Date "2023.01.08"]
[Round "6.6"]
[White "Kerr, Atlas"]
[Black "Liu, Richard Jingjie"]
[Result "1-0"]
[WhiteElo "1953"]
[BlackElo "1392"]

1. d4 {[%clk 01:00:53] [%emt 00:00:06]} 1... d5 {[%clk 01:00:55] [%emt
00:00:05]} 2. c4 {[%clk 01:01:19] [%emt 00:00:04]} 2... Bf5 {[%clk 01:01:22]
[%emt 00:00:05]} 3. Nc3 {[%clk 01:00:41] [%emt 00:01:07]} 3... e6 {[%emt
00:00:13]} 4. Qb3 {[%clk 00:59:39] [%emt 00:01:29]} 4... Nc6 {[%clk 01:01:26]
[%emt 00:00:45]} 5. cxd5 {[%clk 00:55:50] [%emt 00:04:20]} 5... exd5 {[%clk
00:57:41] [%emt 00:04:15]} 6. Qa4 {[%clk 00:54:13] [%emt 00:02:06]} 6... a6
{[%clk 00:56:55] [%emt 00:01:17]} 7. a3 {[%clk 00:52:46] [%emt 00:01:57]} 7...
b5 {[%emt 00:01:04]} 8. Qd1 {[%clk 00:52:46] [%emt 00:00:24]} 8... b4 {[%clk
00:55:10] [%emt 00:01:47]} 9. Na4 {[%clk 00:52:22] [%emt 00:00:54]} 9... Nf6
{[%clk 00:53:58] [%emt 00:01:42]} 10. Bg5 {[%clk 00:52:12] [%emt 00:00:41]}
10... h6 {[%emt 00:00:21]} 11. Bxf6 {[%clk 00:49:48] [%emt 00:02:52]} 11...
Qxf6 {[%clk 00:54:18] [%emt 00:00:20]} 12. e3 {[%clk 00:49:05] [%emt 00:01:13]}
12... Bd6 {[%clk 00:53:54] [%emt 00:00:54]} 13. Bd3 {[%clk 00:49:09] [%emt
00:00:27]} 13... Bxd3 {[%emt 00:01:15]} 14. Qxd3 {[%clk 00:49:17] [%emt
00:00:19]} 14... O-O {[%clk 00:53:26] [%emt 00:00:15]} 15. Nf3 {[%clk 00:49:34]
[%emt 00:00:14]} 15... Qg6 {[%clk 00:51:51] [%emt 00:02:04]} 16. Qxg6 {[%clk
00:49:36] [%emt 00:00:29]} 16... fxg6 {[%clk 00:52:13] [%emt 00:00:08]} 17. O-O
{[%clk 00:49:42] [%emt 00:00:23]} 17... Na5 {[%clk 00:52:06] [%emt 00:00:37]}
18. axb4 {[%clk 00:45:48] [%emt 00:04:24]} 18... Bxb4 {[%clk 00:51:39] [%emt
00:00:56]} 19. Ne5 {[%clk 00:46:04] [%emt 00:00:15]} 19... Kh7 {[%clk 00:50:39]
[%emt 00:01:26]} 20. Nc3 {[%clk 00:45:47] [%emt 00:00:52]} 20... Bxc3 {[%clk
00:49:27] [%emt 00:01:40]} 21. bxc3 {[%clk 00:46:06] [%emt 00:00:13]} 21... Nb3
{[%clk 00:49:42] [%emt 00:00:14]} 22. Ra3 {[%clk 00:46:13] [%emt 00:00:24]}
22... Nd2 {[%clk 00:50:01] [%emt 00:00:09]} 23. Rfa1 {[%clk 00:46:15] [%emt
00:00:30]} 23... Rfb8 {[%clk 00:47:02] [%emt 00:03:28]} 24. g3 {[%clk 00:44:24]
[%emt 00:02:21]} 24... Rb1+ {[%clk 00:46:21] [%emt 00:01:11]} 25. Kg2 {[%clk
00:43:36] [%emt 00:01:18]} 25... Rxa1 {[%clk 00:44:46] [%emt 00:02:05]} 26.
Rxa1 {[%clk 00:44:01] [%emt 00:00:05]} 26... a5 {[%clk 00:45:12] [%emt
00:00:05]} 27. Ra4 {[%clk 00:43:34] [%emt 00:00:57]} 27... Ra6 {[%clk 00:45:23]
[%emt 00:00:18]} 28. f3 {[%clk 00:41:00] [%emt 00:03:04]} 28... Nb1 {[%clk
00:43:05] [%emt 00:02:47]} 29. c4 {[%clk 00:40:48] [%emt 00:00:42]} 29... Nc3
{[%clk 00:42:52] [%emt 00:00:43]} 30. Ra3 {[%clk 00:40:18] [%emt 00:01:01]}
30... Nb1 {[%clk 00:36:00] [%emt 00:07:22]} 31. Ra1 {[%clk 00:38:18] [%emt
00:02:30]} 31... Nc3 {[%clk 00:30:43] [%emt 00:05:47]} 32. cxd5 {[%clk
00:34:42] [%emt 00:04:06]} 32... Nxd5 {[%clk 00:30:58] [%emt 00:00:14]} 33. Nc4
{[%clk 00:34:30] [%emt 00:00:42]} 33... a4 {[%clk 00:31:20] [%emt 00:00:09]}
34. Ra3 {[%emt 00:01:20]} 34... Kg8 {[%clk 00:29:41] [%emt 00:00:56]} 35. e4
{[%clk 00:34:30] [%emt 00:00:52]} 35... Nb6 {[%clk 00:29:09] [%emt 00:01:02]}
36. Nb2 {[%clk 00:34:56] [%emt 00:00:04]} 36... Kf7 {[%clk 00:29:27] [%emt
00:00:12]} 37. Kf2 {[%clk 00:33:30] [%emt 00:01:56]} 37... Ke7 {[%clk
00:29:53]} 38. Ke3 {[%clk 00:33:27] [%emt 00:00:32]} 38... Kd6 {[%emt
00:00:41]} 39. Kd3 {[%clk 00:33:06] [%emt 00:00:32]} 39... Kc6 {[%clk 00:30:29]
[%emt 00:00:07]} 40. Kc3 {[%clk 00:33:01] [%emt 00:00:35]} 40... Kb5 {[%clk
00:30:49] [%emt 00:00:10]} 41. f4 {[%clk 00:32:09] [%emt 00:01:23]} 41... Nc8
{[%clk 00:30:24] [%emt 00:00:54]} 42. Nd3 {[%clk 00:29:52] [%emt 00:02:47]}
42... Nd6 {[%clk 00:29:36] [%emt 00:01:18]} 43. Nc5 {[%clk 00:30:04] [%emt
00:00:19]} 43... Rc6 {[%clk 00:29:29] [%emt 00:00:36]} 44. Kd3 {[%clk 00:29:01]
[%emt 00:01:32]} 44... Nc4 {[%clk 00:29:17] [%emt 00:00:43]} 45. Ra1 {[%clk
00:28:39] [%emt 00:00:53]} 45... a3 {[%clk 00:27:42] [%emt 00:02:05]} 46. Kc3
{[%clk 00:28:25] [%emt 00:00:43]} 46... Rd6 {[%clk 00:27:26] [%emt 00:00:47]}
47. e5 {[%clk 00:27:26] [%emt 00:01:28]} 47... Rd8 {[%clk 00:25:33] [%emt
00:01:42]} 48. e6 {[%clk 00:26:57] [%emt 00:01:40]} 48... g5 {[%clk 00:25:30]
[%emt 00:00:33]} 49. f5 {[%clk 00:26:40] [%emt 00:00:48]} 49... h5 {[%clk
00:25:27] [%emt 00:00:32]} 50. Rb1+ {[%clk 00:25:54] [%emt 00:01:16]} 50... Nb2
{[%clk 00:25:43] [%emt 00:00:14]} 51. Nd3 {[%clk 00:25:56] [%emt 00:00:28]}
51... Kc6 {[%clk 00:22:46] [%emt 00:03:27]} 52. Nxb2 {[%clk 00:25:15] [%emt
00:01:11]} 52... axb2 {[%clk 00:21:48] [%emt 00:01:28]} 53. Rxb2 {[%clk
00:25:39] [%emt 00:00:07]} 53... Rf8 {[%clk 00:22:04] [%emt 00:00:14]} 54. Rf2
{[%clk 00:24:45] [%emt 00:01:23]} 54... Kd5 {[%clk 00:22:16] [%emt 00:00:18]}
55. Kd3 {[%clk 00:24:59] [%emt 00:00:16]} 55... Ra8 {[%clk 00:22:18] [%emt
00:00:28]} 56. Rc2 {[%clk 00:23:39] [%emt 00:01:50]} 56... Ra1 {[%clk 00:21:26]
[%emt 00:01:22]} 57. e7 {[%clk 00:22:16] [%emt 00:01:53]} 57... Ra8 {[%clk
00:21:34] [%emt 00:00:22]} 58. Rxc7 {[%clk 00:22:12] [%emt 00:00:34]} 58... Kd6
{[%clk 00:21:18] [%emt 00:00:46]} 59. Ra7 {[%clk 00:22:07] [%emt 00:00:34]}
59... Re8 {[%clk 00:18:55] [%emt 00:02:14]} 60. Ke4 {[%clk 00:22:33] [%emt
00:00:44]} 60... Rg8 {[%clk 00:18:23] [%emt 00:01:01]} 61. f6 {[%clk 00:21:08]
[%emt 00:01:55]} 61... Ke6 {[%emt 00:02:05]} 62. Ra6+ Kf7 63. Kf5 g4 64. d5 Rh8
{[%clk 00:17:23]} 65. fxg7 {[%clk 00:15:08] [%emt 00:13:06]} 65... Kxg7 {[%clk
00:12:52] [%emt 00:00:37]} 66. Rf6 {[%clk 00:15:44]} 66... Re8 {[%emt
00:01:07]} 67. Ke6 Ra8 {[%clk 00:12:15] [%emt 00:01:05]} 68. Rf7+ Kh6 {[%emt
00:01:21]} 69. Rf8 {[%clk 00:15:29] [%emt 00:00:24]} 69... Ra1 {[%clk 00:12:40]
[%emt 00:00:05]} 70. e8=Q {[%clk 00:15:08] [%emt 00:00:51]} 70... Re1+ {[%clk
00:12:45] [%emt 00:00:26]} 71. Kd7 {[%clk 00:15:21] [%emt 00:00:16]} 1-0

[Event "New Zealand Junior Championship"]
[Site "Wellington"]
[Date "2023.01.08"]
[Round "6.8"]
[White "Li, Bill"]
[Black "Barnett-Harris, Lucas"]
[Result "1/2-1/2"]
[WhiteElo "1384"]
[BlackElo "1769"]

1. d4 {[%clk 01:00:58] [%emt 00:00:01]} 1... Nf6 {[%clk 01:00:55] [%emt
00:00:05]} 2. c4 {[%clk 01:01:22] [%emt 00:00:06]} 2... e6 {[%clk 01:01:16]
[%emt 00:00:10]} 3. Nf3 {[%clk 01:01:46] [%emt 00:00:05]} 3... d5 {[%clk
01:01:25] [%emt 00:00:21]} 4. e3 {[%clk 01:01:55] [%emt 00:00:20]} 4... Nbd7
{[%clk 01:01:00] [%emt 00:00:55]} 5. a3 {[%clk 01:01:34] [%emt 00:00:52]} 5...
a6 {[%clk 01:00:01] [%emt 00:01:30]} 6. Nc3 {[%clk 01:01:29] [%emt 00:00:34]}
6... dxc4 {[%clk 00:55:14] [%emt 00:05:17]} 7. a4 {[%clk 01:00:35] [%emt
00:01:25]} 7... Bb4 {[%clk 00:53:24] [%emt 00:02:20]} 8. Bxc4 {[%clk 01:00:24]
[%emt 00:00:41]} 8... Nb6 {[%clk 00:51:46] [%emt 00:02:08]} 9. Bd3 {[%clk
00:58:43] [%emt 00:02:10]} 9... O-O {[%clk 00:44:15] [%emt 00:08:02]} 10. O-O
{[%clk 00:57:07] [%emt 00:02:05]} 10... Nbd5 {[%clk 00:40:19] [%emt 00:04:26]}
11. Qc2 {[%clk 00:56:03] [%emt 00:01:34]} 11... b6 {[%clk 00:39:43] [%emt
00:01:07]} 12. e4 {[%clk 00:53:33] [%emt 00:02:59]} 12... Ne7 {[%clk 00:39:57]
[%emt 00:00:16]} 13. e5 {[%clk 00:52:31] [%emt 00:01:32]} 13... Nfd5 {[%clk
00:39:43] [%emt 00:00:44]} 14. Bxh7+ {[%clk 00:52:33] [%emt 00:00:28]} 14...
Kh8 {[%clk 00:40:03] [%emt 00:00:10]} 15. Be4 {[%clk 00:52:46] [%emt 00:00:17]}
15... Bb7 {[%clk 00:40:09] [%emt 00:00:25]} 16. Bg5 {[%clk 00:51:39] [%emt
00:01:36]} 16... Qd7 {[%clk 00:35:38] [%emt 00:05:01]} 17. Bxe7 {[%clk
00:51:10] [%emt 00:00:59]} 17... Bxe7 {[%clk 00:35:46] [%emt 00:00:22]} 18.
Nxd5 {[%clk 00:51:05] [%emt 00:00:35]} 18... Bxd5 {[%clk 00:35:17] [%emt
00:00:59]} 19. Bxd5 {[%clk 00:50:30] [%emt 00:01:05]} 19... exd5 {[%clk
00:35:41] [%emt 00:00:06]} 20. e6 {[%clk 00:48:20] [%emt 00:02:39]} 20... Qxe6
{[%clk 00:31:05] [%emt 00:05:06]} 21. Qxc7 {[%clk 00:46:49] [%emt 00:02:02]}
21... Bd6 {[%clk 00:30:38] [%emt 00:00:57]} 22. Qc3 {[%clk 00:45:01] [%emt
00:02:18]} 22... Rfc8 {[%clk 00:27:15] [%emt 00:03:53]} 23. Qd3 {[%clk
00:44:00] [%emt 00:01:30]} 23... Kg8 {[%clk 00:25:30] [%emt 00:02:15]} 24. Rfe1
{[%clk 00:42:03] [%emt 00:02:26]} 24... Qh6 {[%clk 00:23:47] [%emt 00:02:14]}
25. Qf5 {[%clk 00:40:55] [%emt 00:01:38]} 25... Rd8 {[%clk 00:22:11] [%emt
00:02:06]} 26. Ne5 {[%clk 00:39:20] [%emt 00:02:05]} 26... Bxe5 {[%clk
00:21:09] [%emt 00:01:32]} 27. Rxe5 {[%clk 00:39:36] [%emt 00:00:14]} 27... Qd2
{[%clk 00:20:54] [%emt 00:00:45]} 28. Re7 {[%clk 00:37:48] [%emt 00:02:18]}
28... Rf8 {[%clk 00:21:00] [%emt 00:00:23]} 29. Qxd5 {[%clk 00:37:50] [%emt
00:00:28]} 29... Qxb2 {[%clk 00:21:08] [%emt 00:00:22]} 30. Rae1 {[%clk
00:35:14] [%emt 00:03:05]} 30... Rad8 {[%clk 00:19:57] [%emt 00:01:42]} 31. Rd7
{[%clk 00:34:25] [%emt 00:01:19]} 31... Qc3 {[%clk 00:17:25] [%emt 00:03:02]}
32. Rf1 {[%clk 00:33:58] [%emt 00:00:56]} 32... Qc8 {[%clk 00:17:05] [%emt
00:00:51]} 33. Rxd8 {[%clk 00:34:05] [%emt 00:00:22]} 33... Rxd8 {[%clk
00:17:20] [%emt 00:00:16]} 34. Qb3 {[%clk 00:32:19] [%emt 00:02:15]} 34... Rxd4
{[%clk 00:16:17] [%emt 00:01:34]} 35. Qxb6 {[%clk 00:32:40] [%emt 00:00:09]}
35... Rxa4 {[%clk 00:15:01] [%emt 00:01:46]} 36. Rd1 {[%clk 00:32:52] [%emt
00:00:17]} 36... Qc4 {[%clk 00:14:13] [%emt 00:01:19]} 37. Rd8+ {[%clk
00:32:20] [%emt 00:01:03]} 37... Kh7 {[%clk 00:14:34] [%emt 00:00:08]} 38. Qb1+
{[%clk 00:32:36] [%emt 00:00:14]} 38... Qe4 {[%clk 00:14:35] [%emt 00:00:30]}
39. Qxe4+ {[%clk 00:32:15] [%emt 00:00:51]} 39... Rxe4 {[%clk 00:14:59] [%emt
00:00:06]} 40. f3 {[%clk 00:32:20] [%emt 00:00:24]} 40... Ra4 {[%clk 00:14:40]
[%emt 00:00:50]} 41. Ra8 {[%clk 00:32:31] [%emt 00:00:19]} 41... Ra1+ {[%clk
00:14:54] [%emt 00:00:15]} 42. Kf2 {[%clk 00:32:55] [%emt 00:00:07]} 42... a5
{[%clk 00:15:15] [%emt 00:00:09]} 43. Kg3 {[%clk 00:33:10] [%emt 00:00:14]}
1/2-1/2

[Event "New Zealand Junior Championship"]
[Site "Wellington"]
[Date "2023.01.08"]
[Round "6.9"]
[White "Hookings, Jonathon"]
[Black "Gilmore, Blake"]
[Result "0-1"]
[WhiteElo "1584"]
[BlackElo "1725"]

1. d4 {[%clk 01:00:59]} 1... Nf6 {[%clk 00:52:30] [%emt 00:08:31]} 2. Bg5
{[%clk 01:01:28] [%emt 00:00:01]} 2... g6 {[%clk 00:52:08] [%emt 00:00:52]} 3.
Bxf6 {[%clk 01:01:54] [%emt 00:00:04]} 3... exf6 {[%clk 00:52:35] [%emt
00:00:03]} 4. e3 {[%clk 01:02:17] [%emt 00:00:07]} 4... Bg7 {[%clk 00:52:08]
[%emt 00:00:57]} 5. g3 {[%clk 01:02:44] [%emt 00:00:03]} 5... O-O {[%clk
00:52:18] [%emt 00:00:19]} 6. Bg2 {[%clk 01:03:13] [%emt 00:00:01]} 6... f5
{[%clk 00:52:31] [%emt 00:00:17]} 7. Ne2 {[%clk 01:03:39] [%emt 00:00:04]} 7...
d5 {[%clk 00:52:17] [%emt 00:00:45]} 8. O-O {[%clk 01:03:57] [%emt 00:00:12]}
8... c6 {[%clk 00:50:17] [%emt 00:02:30]} 9. Qd3 {[%clk 01:03:24] [%emt
00:01:03]} 9... Re8 {[%clk 00:49:59] [%emt 00:00:49]} 10. Nd2 {[%clk 01:00:41]
[%emt 00:03:13]} 10... Nd7 {[%clk 00:49:35] [%emt 00:00:54]} 11. c4 {[%clk
01:00:29] [%emt 00:00:41]} 11... Nf6 {[%clk 00:48:01] [%emt 00:02:04]} 12. Rab1
{[%clk 00:56:56] [%emt 00:04:04]} 12... Be6 {[%clk 00:46:43] [%emt 00:01:48]}
13. c5 {[%clk 00:56:52] [%emt 00:00:34]} 13... b5 {[%clk 00:42:25] [%emt
00:04:48]} 14. Rfe1 {[%clk 00:47:18] [%emt 00:10:04]} 14... Qd7 {[%clk
00:39:26] [%emt 00:03:29]} 15. Nc3 {[%clk 00:44:56] [%emt 00:02:51]} 15... Re7
{[%clk 00:36:32] [%emt 00:03:23]} 16. Nf3 {[%clk 00:43:01] [%emt 00:02:26]}
16... Ne4 {[%clk 00:35:53] [%emt 00:01:09]} 17. Nd2 {[%clk 00:43:30] [%emt
00:00:01]} 17... Nf6 {[%emt 00:00:17]} 18. Qc2 {[%clk 00:43:35] [%emt
00:00:24]} 18... Rae8 {[%clk 00:36:05] [%emt 00:00:32]} 19. Qb3 {[%clk
00:43:17] [%emt 00:00:48]} 19... Qb7 {[%clk 00:35:38] [%emt 00:00:57]} 20. Ra1
{[%clk 00:41:40] [%emt 00:02:08]} 20... Ne4 {[%clk 00:33:07] [%emt 00:03:01]}
21. Red1 {[%clk 00:40:07] [%emt 00:02:03]} 21... Nf6 {[%clk 00:32:13] [%emt
00:01:24]} 22. Ne2 {[%clk 00:40:32] [%emt 00:00:04]} 22... Bd7 {[%clk 00:30:14]
[%emt 00:02:29]} 23. a3 {[%clk 00:39:53] [%emt 00:01:09]} 23... Ng4 {[%clk
00:28:47] [%emt 00:01:56]} 24. Nf1 {[%clk 00:39:33] [%emt 00:00:51]} 24... Nf6
{[%clk 00:26:46] [%emt 00:02:31]} 25. h3 {[%clk 00:39:50] [%emt 00:00:13]}
25... Bh6 {[%clk 00:26:08] [%emt 00:01:08]} 26. Re1 {[%clk 00:39:09] [%emt
00:01:12]} 26... Qc8 {[%clk 00:25:52] [%emt 00:00:46]} 27. Kh2 {[%clk 00:38:46]
[%emt 00:00:52]} 27... Ne4 {[%clk 00:25:24] [%emt 00:00:59]} 28. Kg1 {[%clk
00:36:15] [%emt 00:03:01]} 28... f4 {[%clk 00:21:42] [%emt 00:04:12]} 29. gxf4
{[%clk 00:27:29] [%emt 00:09:15]} 29... Bxh3 {[%clk 00:21:59] [%emt 00:00:14]}
30. a4 {[%clk 00:27:42] [%emt 00:00:18]} 30... Qg4 {[%clk 00:18:48] [%emt
00:03:40]} 31. Nfg3 {[%clk 00:27:27] [%emt 00:00:44]} 31... Nxg3 {[%clk
00:17:31] [%emt 00:01:47]} 32. Nxg3 {[%clk 00:27:43] [%emt 00:00:14]} 32...
Bxg2 {[%clk 00:17:17] [%emt 00:00:44]} 33. Kxg2 {[%clk 00:28:08] [%emt
00:00:05]} 33... Bxf4 {[%clk 00:17:37] [%emt 00:00:11]} 34. Rh1 {[%clk
00:26:06] [%emt 00:02:32]} 34... Bxg3 {[%clk 00:17:17] [%emt 00:00:50]} 35.
fxg3 {[%clk 00:26:29] [%emt 00:00:07]} 35... Rxe3 {[%clk 00:17:40] [%emt
00:00:08]} 0-1

[Event "New Zealand Junior Championship"]
[Site "Wellington"]
[Date "2023.01.08"]
[Round "6.10"]
[White "Ng, Lok Jim (Lauren)"]
[Black "Qi, Jenny"]
[Result "0-1"]
[WhiteElo "1417"]
[BlackElo "1556"]

1. d4 {[%clk 01:00:56] [%emt 00:00:03]} 1... Nf6 {[%emt 00:00:13]} 2. c4 {[%clk
01:01:17]} 2... g6 {[%clk 01:01:22] [%emt 00:00:04]} 3. Nc3 {[%clk 01:01:40]
[%emt 00:00:07]} 3... d5 {[%clk 01:01:48] [%emt 00:00:04]} 4. cxd5 {[%clk
01:02:00] [%emt 00:00:09]} 4... Nxd5 {[%clk 01:02:13] [%emt 00:00:05]} 5. e4
{[%clk 01:02:22] [%emt 00:00:09]} 5... Nxc3 {[%clk 01:02:39] [%emt 00:00:04]}
6. bxc3 {[%clk 01:02:45]} 6... Bg7 {[%clk 01:02:39]} 7. Bc4 {[%clk 01:02:45]}
7... c5 {[%clk 01:02:39]} 8. Ne2 {[%clk 01:02:45]} 8... O-O {[%clk 01:02:39]}
9. O-O {[%clk 01:02:45]} 9... Nc6 {[%clk 01:02:39]} 10. Be3 {[%clk 01:02:45]}
10... Qc7 {[%clk 01:02:39]} 11. Qc2 {[%clk 01:02:45]} 11... Na5 {[%clk
01:02:39]} 12. Bb3 {[%clk 01:02:45]} 12... Nxb3 {[%clk 01:02:39]} 13. Qxb3
{[%clk 01:02:45]} 13... cxd4 {[%clk 01:02:39]} 14. cxd4 {[%clk 01:02:45]} 14...
b6 {[%clk 01:02:39]} 15. Rac1 {[%clk 01:02:45]} 15... Qd7 {[%clk 01:02:39]} 16.
Qc4 {[%clk 01:02:45]} 16... Bb7 {[%clk 01:02:39]} 17. Qc7 {[%clk 01:02:45]}
17... Qxc7 {[%clk 01:02:39]} 18. Rxc7 {[%clk 01:02:45]} 18... Bxe4 {[%clk
01:02:39]} 19. Rxe7 {[%clk 01:02:45]} 19... Bd3 {[%clk 01:02:39]} 20. Re1
{[%clk 01:02:45]} 20... Rfe8 {[%clk 01:02:39]} 21. Rd7 {[%clk 01:02:45]} 21...
Bb5 {[%clk 01:02:39]} 22. Rc7 {[%clk 01:02:45]} 22... Bxe2 {[%clk 01:02:39]}
23. Rxe2 {[%clk 01:02:45]} 23... Bxd4 {[%clk 01:02:39]} 24. h3 {[%clk
01:02:45]} 24... Bxe3 {[%clk 01:02:39]} 25. fxe3 {[%clk 01:02:45]} 25... Kf8
{[%clk 01:02:39]} 26. Kf2 {[%clk 01:02:45]} 26... Re7 {[%clk 01:02:39]} 27. Rc3
{[%clk 01:02:45]} 27... b5 {[%clk 01:02:39]} 28. a3 {[%clk 01:02:45]} 28... a6
{[%clk 01:02:39]} 29. Rc6 {[%clk 01:02:45]} 29... f5 {[%clk 01:02:39]} 30. g3
{[%clk 01:02:45]} 30... Raa7 {[%clk 01:02:39]} 31. Rec2 {[%clk 01:02:45]} 31...
Kf7 {[%clk 01:02:39]} 32. Kf3 {[%clk 01:02:45]} 32... Reb7 {[%clk 01:02:39]}
33. Ra2 {[%clk 01:02:45]} 33... a5 {[%clk 01:02:39]} 34. Rc5 {[%clk 01:02:45]}
34... a4 {[%clk 01:02:39]} 35. Rb2 {[%clk 01:02:45]} 35... b4 {[%clk 01:02:39]}
36. Rc4 {[%clk 01:02:45]} 36... b3 {[%clk 01:02:39]} 37. Ke2 {[%clk 01:02:45]}
37... Rc7 {[%clk 01:02:39]} 38. Rb4 {[%clk 01:02:45]} 38... Rc1 {[%clk
01:02:39]} 39. Kf3 {[%clk 01:02:45]} 39... Ra1 {[%clk 01:02:39]} 40. g4 {[%clk
01:02:45]} 40... fxg4+ {[%clk 01:02:39]} 41. hxg4 {[%clk 01:02:45]} 41... Rxa3
{[%clk 01:02:39]} 42. Rb1 {[%clk 01:02:45]} 42... Ra2 {[%clk 01:02:39]} 43. Ke4
{[%clk 01:02:45]} 43... Rc7 {[%clk 01:02:39]} 44. Kd4 {[%clk 01:02:45]} 44...
Rcc2 {[%clk 01:02:39]} 45. Rf1+ {[%clk 01:02:45]} 45... Kg7 {[%clk 01:02:39]}
46. Rb7+ {[%clk 01:02:45]} 46... Kh6 {[%clk 01:02:39]} 47. Rh1+ {[%clk
01:02:45]} 47... Rh2 {[%clk 01:02:39]} 48. Rb1 {[%clk 01:02:45]} 48... b2
{[%clk 01:02:39]} 49. Kc3 {[%clk 01:02:45]} 49... a3 {[%clk 01:02:39]} 50. Rd7
{[%clk 01:02:45]} 50... Ra1 {[%clk 01:02:39]} 51. Rdd1 {[%clk 01:02:45]} 51...
Rxb1 {[%clk 01:02:39]} 52. Rxb1 {[%clk 01:02:45]} 52... a2 {[%clk 01:02:39]}
53. Rxb2 {[%clk 01:02:45]} 53... a1=Q {[%clk 01:02:39]} 54. Kc4 {[%clk
01:02:45]} 54... Rxb2 {[%clk 01:02:39]} 55. Kc5 {[%clk 01:02:45]} 55... Rd2
{[%clk 01:02:39]} 56. Kb5 {[%clk 01:02:45]} 56... Qc3 {[%clk 01:02:39] {[%clk
01:02:39]|> 57. Ka5 {[%clk 01:02:45]|> Ra2+ {[%clk 01:02:39]|> 58. Kb5 {[%clk
01:02:45]|> Rb2+ {[%clk 01:02:39]|> 59. Ka6 {[%clk 01:02:45]|> Qa3# {[%clk
01:02:39]|> 0-1 } 0-1

[Event "New Zealand Junior Championship"]
[Site "Wellington"]
[Date "2023.01.08"]
[Round "6.12"]
[White "Sun, Taoran Ethan"]
[Black "Zhang, Yaoyuan"]
[Result "1/2-1/2"]
[WhiteElo "1219"]
[BlackElo "1515"]

1. e4 {[%clk 01:00:55] [%emt 00:00:04]} 1... c6 {[%clk 01:00:48] [%emt
00:00:12]} 2. d4 {[%clk 01:01:19] [%emt 00:00:06]} 2... d5 {[%clk 01:01:07]
[%emt 00:00:11]} 3. exd5 {[%clk 01:01:41] [%emt 00:00:08]} 3... cxd5 {[%clk
01:01:23] [%emt 00:00:15]} 4. Bd3 {[%clk 01:01:35] [%emt 00:00:35]} 4... Nc6
{[%clk 01:00:25] [%emt 00:01:29]} 5. c3 {[%clk 01:01:52] [%emt 00:00:13]} 5...
Nf6 {[%emt 00:03:00]} 6. Bf4 {[%clk 01:01:22] [%emt 00:00:58]} 6... e6 {[%clk
00:57:39] [%emt 00:00:48]} 7. Nf3 {[%clk 01:01:43] [%emt 00:00:08]} 7... Bd6
{[%clk 00:57:19] [%emt 00:00:50]} 8. Bg3 {[%clk 01:02:01] [%emt 00:00:12]} 8...
Qc7 {[%clk 00:53:44] [%emt 00:04:05]} 9. Qb3 {[%clk 01:02:02] [%emt 00:00:29]}
9... Bd7 {[%clk 00:52:59] [%emt 00:01:15]} 10. O-O {[%emt 00:02:11]} 10... O-O
{[%clk 00:46:04] [%emt 00:06:19]} 11. Bh4 {[%clk 01:00:59] [%emt 00:00:58]}
11... Be7 {[%clk 00:43:22] [%emt 00:03:12]} 12. Bg3 {[%clk 01:00:20] [%emt
00:01:09]} 12... Bd6 {[%clk 00:42:42] [%emt 00:01:11]} 13. Bh4 {[%clk 01:00:38]
[%emt 00:00:12]} 13... Be7 {[%clk 00:36:20] [%emt 00:06:52]} 14. Bg3 {[%clk
01:00:53] [%emt 00:00:14]} 14... Bd6 {[%clk 00:32:46] [%emt 00:04:04]} 1/2-1/2